000 00502nmm a2200157Ia 4500
008 251105s9999||||xx |||||||||||||||||und||
020 _a9788499481623
041 _aspa
100 _aEspinosa Úbeda, Antonio
245 0 _aSiéntate y te lo cuento. Relatos de un maniático de la vida
264 _a[Madrid, España] :
_bEditorial Club Universitario: ECU,
_c2010
300 _a111 páginas
650 _aSpanish narrative
856 _uhttps://public.digitaliapublishing.com/a/173375
942 _cCF
999 _c92913
_d92913